Online Catalogue and eLibrary

Media, Knowledge and Power (Record no. 1488)

MARC details
000 -LEADER
fixed length control field 00503nam a2200205Ia 4500
005 - DATE AND TIME OF LATEST TRANSACTION
control field 20250324070343.0
008 - FIXED-LENGTH DATA ELEMENTS--GENERAL INFORMATION
fixed length control field 240331s9999 xx 000 0 und d
020 ## - INTERNATIONAL STANDARD BOOK NUMBER
ISBN 0415058740
082 ## - DDC Classification
Item Number - Author Mark MED
DDC Edition Number 2548
Class No. 302.2308
245 #0 - TITLE STATEMENT
Title Media, Knowledge and Power
260 ## - PUBLICATION, DISTRIBUTION, ETC.
Place of publication, distribution, etc. London;
-- New York
Name of publisher, distributor, etc. Routledge
Date of publication, distribution, etc. 1987
300 ## - PHYSICAL DESCRIPTION
Extent (e.g. Volumes, Pages etc.) 483 p.,
650 ## - SUBJECT ADDED ENTRY--TOPICAL TERM
Topical term or geographic name entry element Media
650 ## - SUBJECT ADDED ENTRY--TOPICAL TERM
Topical term or geographic name entry element Communication
650 ## - SUBJECT ADDED ENTRY--TOPICAL TERM
Topical term or geographic name entry element Language
650 ## - SUBJECT ADDED ENTRY--TOPICAL TERM
Topical term or geographic name entry element Society
700 ## - ADDED ENTRY--PERSONAL NAME
Personal name Boyd-Barrett, O
Relator term (Role) Editor
700 ## - ADDED ENTRY--PERSONAL NAME
Personal name Braham, P
Relator term (Role) Editor
942 ## - Koha item type (Biblio)
Koha item type Books in Stacks (Lending)
Holdings
Lost status Damaged status Collection code Home library Current library Shelving location Date acquired Full call number Accession Number Item type
    Lending WERC Library WERC Library Social Science Cupboard 03/31/2024 302.2308 MED 2548 Books in Stacks (Lending)

© WERC Library